[Event "VII Sunway Sitges Open 2020"]
[Site "Sitges"]
[Date "2020.12.13"]
[Round "1.1"]
[White "Korobov, Anton"]
[Black "Bin-Suhayl, Ieysaa"]
[Result "1-0"]
[WhiteElo "2683"]
[BlackElo "2193"]
[Annotator "TA"]
[PlyCount "69"]
[EventDate "2020.12.13"]
[EventType "swiss"]
[EventCountry "ESP"]
[SourceTitle "playchess.com"]
[Source "ChessBase"]
[SourceQuality "1"]

{[%evp 17,69,18,16,0,0,0,0,0,6,11,28,-8,0,0,40,45,47,36,112,0,75,43,43,54,59,65,60,46,64,75,49,53,60,53,138,62,59,67,67,58,90,90,92,85,679,704,674,671,1087,1071,1018,1015,970,956]} 1. d4 Nf6 2. Nf3 e6 3. c4 b6 4. a3 Bb7 5. Nc3 d5 6. cxd5 exd5 7. g3 Be7 8. Bg2 $1 {The main line 8.Bg2 scores better than 8.Qa4+.} O-O 9. O-O Ne4 10. Bf4 {E12: Queen's Indian: Unusual White 4th moves, 4 a3, 4 Nc3 Bb7 5 a3 and 4 Nc3 Bb7 .} Nxc3 11. bxc3 Nc6 12. Qc2 {[#] The position is equal.} Bd6 $146 ({Predecessor:} 12... Na5 13. Nd2 Ba6 14. Rfe1 f5 15. Qa4 c6 16. e3 Bb5 17. Qc2 Nc4 18. a4 Ba6 {½-½ (44) Jakubowski,K (2120)-Makovicka,M Morava 1996}) 13. Ng5 {[%csl Gg5][%cal Rc2h7]} g6 14. Bc1 Be7 15. h4 Bf6 16. e4 dxe4 17. Nxe4 Na5 (17... Bg7 $14) 18. Re1 (18. Nxf6+ $16 Qxf6 19. d5) 18... Re8 (18... Bg7 $11) 19. Bf4 (19. d5 $5) 19... Bg7 20. h5 Qd7 21. h6 Bh8 22. Be5 Bxe4 23. Qxe4 {aiming for Qh4.} Bxe5 24. dxe5 {Threatens to win with Qf4.} Rad8 25. Rad1 Qe7 {[#]} (25... Qe6 $1 $14) 26. Rxd8 ({White should try} 26. Qf4 $1 $16) 26... Rxd8 $14 27. Qf4 Kf8 28. e6 f6 {[#]} 29. g4 $1 {[%cal Rg4g5] Hoping for g5.} Kg8 30. Qb4 $40 {[%mdl 128] White is out for blood.} Re8 $2 {[%mdl 8192] This move loses the game for Black.} (30... Rd6 $16) 31. Rd1 $18 {White is clearly winning.} Qxb4 32. axb4 Nc4 {If only Black now had time for ...Nd6....} 33. Bc6 Rc8 34. e7 {White wants to mate with Rd8+.} Nd6 {[#]} 35. Rxd6 $1 {[%mdl 576] Promotion.  Weighted Error Value: White=0.13/Black=0.47} 1-0

[Event "VII Sunway Sitges Open 2020"]
[Site "Sitges"]
[Date "2020.12.13"]
[Round "1.2"]
[White "Tadevosyan, Aspet"]
[Black "Cheparinov, Ivan"]
[Result "0-1"]
[WhiteElo "2136"]
[BlackElo "2688"]
[Annotator "TA"]
[PlyCount "146"]
[EventDate "2020.12.13"]
[EventType "swiss"]
[EventCountry "ESP"]
[SourceTitle "playchess.com"]
[Source "ChessBase"]
[SourceQuality "1"]

{[%evp 11,146,20,35,10,8,0,0,8,10,0,3,0,0,0,6,0,0,-1,0,0,0,0,0,0,20,10,10,10,10,2,6,4,52,62,69,44,89,45,46,49,118,120,162,88,100,100,90,74,80,81,87,6,12,5,5,0,0,-17,0,-21,0,0,0,0,0,0,14,0,0,0,0,0,0,0,0,0,0,0,0,0,0,0,0,0,0,0,0,0,0,0,0,0,153,135,132,130,143,211,192,0,0,0,0,0,0,0,-2,-271,-235,-264,-231,-190,-219,-381,-343,-421,0,0,0,0,0,-304,-293,-12842,-12843,-12843,-12843,-12846,-12847,-12845,-12847,-12848,-12848,-12849,-12849,-12850,-12850]} 1. d4 d5 2. c4 e6 3. Nc3 c6 4. e3 f5 5. Bd3 Bd6 6. Qc2 Nf6 7. cxd5 {A84: Dutch Defence: 2 c4 Miscellaneous.} cxd5 8. Nb5 Bb4+ 9. Bd2 {The position is equal.} Bxd2+ 10. Qxd2 {[#]} Ne4 $146 ({Predecessor:} 10... Nc6 11. f3 O-O 12. Ne2 Bd7 13. O-O Na5 14. b3 Bxb5 15. Bxb5 Qb6 16. Bd3 Nc6 {½-½ (29) Van der Werf,M (2396)-Zaragatski,I (2489) Netherlands 2019}) 11. Qb4 Nc6 12. Qa3 Qe7 13. Qxe7+ Kxe7 14. Nf3 Bd7 15. Nc3 Rhc8 16. Rc1 a6 17. h3 b5 18. g4 b4 19. Ne2 b3 20. axb3 Nb4 21. Ne5 Rab8 22. gxf5 exf5 23. f3 Rxc1+ $1 24. Nxc1 Rc8 25. Ne2 Ng5 (25... Bb5 $1 $14) 26. Bb1 $16 Be6 27. Kd2 (27. h4 $18 Nf7 28. Kd2) 27... Nc6 {White should prevent ...Nxe5.} 28. Nxc6+ Rxc6 29. Ng1 Bd7 30. h4 Rh6 31. f4 (31. b4 $16) 31... Ne4+ $11 32. Bxe4 dxe4 {[%mdl 4096] Endgame KRB-KRN} 33. Ne2 Rb6 34. Nc1 Kf7 35. Rg1 Rh6 36. Rh1 Rg6 37. Rh2 Be6 38. Kc3 Rg1 39. Kd2 Rf1 40. Kc2 Rf3 41. Kd2 a5 42. Re2 Rh3 43. Kc3 Rxh4 44. b4 $1 {[%cal Rb4a5]} Rh1 45. Rc2 axb4+ 46. Kxb4 h5 47. Kc5 Rd1 48. b4 h4 {With the idea ...h3.} 49. b5 h3 {Threatens to win with ...h2!} 50. Na2 g5 {Strongly threatening ...Bxa2.} 51. fxg5 {Hoping for b6.} f4 $2 ({Black should play} 51... Rg1 $1 $11 52. Rh2 Rxg5) 52. b6 $1 $16 {[%cal Rb6b7]} (52. exf4 e3 $15) 52... Bc8 53. Nc3 $1 {[%cal Rc3d1]} (53. exf4 $6 e3 $11) 53... Rg1 {...Rg2 is the strong threat.} 54. Nxe4 {aiming for Nd6+.} Rg2 55. Nd6+ $2 ({White has to play} 55. Rc1 $1 $18 {And now Nd6+ would win.} h2 56. Rh1 (56. exf4 $2 Rg1 $19) (56. Nd6+ Ke6 $15)) 55... Ke6 $11 56. Rc1 (56. Rxg2 $2 hxg2 57. Nxc8 g1=Q $19) 56... h2 57. d5+ (57. Nxc8 $2 Rg1 $19) 57... Kd7 {White must now prevent ...Rg1.} 58. Rh1 $1 ({Don't go for} 58. exf4 $2 Rg1 $19) 58... Rc2+ 59. Nc4 $2 {[%mdl 8192]} (59. Kd4 $1 $11 Kxd6 60. g6) 59... Ba6 $19 {[%csl Ga6][%cal Rc2c4]} 60. b7 Kc7 $1 {[%csl Ga6][%cal Rc2c4]} (60... Rxc4+ 61. Kb6 $11) 61. b8=Q+ {Cut Off at move 61} Kxb8 62. g6 $2 {[#]} (62. exf4 Kc7 63. d6+ Kd8 64. Rxh2 Rxh2 65. Ne5) 62... Kc7 $1 {[%csl Ga6][%cal Rc2c4]} ({Not} 62... Rxc4+ 63. Kb6 $11) 63. d6+ Kd7 $2 (63... Kd8 $19 64. exf4 Bxc4) 64. Rxh2 $1 $11 Rxh2 65. Ne5+ Ke6 66. exf4 $2 {[%mdl 8192] [#]} (66. d7 $11 {and White is okay.} Rh8 67. Nf7 Rh5+ 68. Kb6 Kxd7 69. g7 Rb5+ 70. Ka7 (70. Kxa6 Rb8 $15)) 66... Bc8 $1 $19 67. Nf3 $2 (67. Nc4 Rc2 68. Kb4) 67... Rc2+ {Black is clearly winning.} 68. Kd4 Kxd6 69. Ng5 Bf5 70. g7 Rc8 71. Nf7+ Ke6 72. Nh6 Bh7 73. f5+ Kf6 {Black used his chance.  Weighted Error Value: White=0.17/Black=0.08} 0-1

[Event "VII Sunway Sitges Open 2020"]
[Site "Sitges"]
[Date "2020.12.13"]
[Round "1.4"]
[White "Martin Barcelo, Carles"]
[Black "Lagarde, Maxime"]
[Result "1/2-1/2"]
[WhiteElo "2179"]
[BlackElo "2651"]
[Annotator "TA"]
[PlyCount "151"]
[EventDate "2020.12.13"]
[EventType "swiss"]
[EventCountry "ESP"]
[SourceTitle "playchess.com"]
[Source "ChessBase"]
[SourceQuality "1"]

{[%evp 9,151,47,67,26,47,46,38,38,50,31,57,58,87,45,79,65,79,44,49,43,46,35,39,23,27,0,0,0,0,-11,0,-4,0,0,0,-16,-16,-16,-19,-14,-16,-15,-15,-25,0,0,0,0,0,0,4,5,6,0,0,0,0,0,0,0,0,0,0,0,0,-8,0,0,0,0,0,0,0,-19,-19,-19,-19,-19,-19,-27,-27,-27,-27,-27,-19,-27,-27,-89,-89,-89,-89,-89,-89,-89,-89,-89,-89,-89,-89,-89,-89,-89,-32,-32,0,-89,-89,-89,-89,-89,-89,-89,-89,-89,-89,-89,0,0,0,0,0,0,0,0,0,0,0,0,0,0,0,0,0,0,0,0,0,0,0,0,0,0,0,0]} 1. e4 c5 2. Nf3 Nf6 3. e5 Nd5 4. Nc3 Nxc3 5. dxc3 Nc6 6. Bd3 {B29: Sicilian: 2 Nf3 Nf6 (Nimzowitsch Variation).} Qc7 7. Qe2 e6 8. Bf4 {White is slightly better.} h6 9. h4 {[#]} a6 $146 ({Predecessor:} 9... b6 10. h5 Bb7 11. Rh3 O-O-O 12. Rg3 Ne7 13. c4 Qc6 14. O-O-O f5 15. exf6 gxf6 16. Ne5 Qc7 17. Ng6 e5 18. Nxe5 {1-0 (18) Zorko,J (2329)-Vrban,D (2131) Portoroz 2005}) 10. O-O b5 11. c4 b4 12. Bg3 Bb7 13. Be4 Ne7 14. Nd2 Bxe4 15. Nxe4 Nf5 16. Rfd1 Be7 17. h5 Nxg3 18. Nxg3 O-O 19. Rd3 d6 20. Rad1 {[%cal Re5d6]} Rad8 21. exd6 Bxd6 22. Ne4 {[%cal Re4d6]} Bh2+ 23. Kh1 Rxd3 24. Rxd3 {Hoping for g3.} Be5 25. b3 Bd4 26. Nd2 Qf4 27. Nf3 Bc3 28. g3 Qg4 29. Ng1 Qg5 30. Kg2 a5 31. Nh3 Qe7 32. Qe4 Bd4 33. Nf4 Qg5 34. Ne2 e5 35. Nxd4 exd4 $11 {[%mdl 4096] Endgame KQR-KQR} 36. Rf3 {And now Rf5 would win.} Qxh5 37. Qf5 Qg6 {White must now prevent ...Qc6.} 38. Qxc5 {[%mdl 64] Double Attack} Qxc2 39. Qxd4 Qxa2 40. Qa7 {[#]} a4 $1 {[%mdl 512]} 41. Qxa4 Qxa4 42. bxa4 {KR-KR} Ra8 43. c5 Rxa4 44. c6 Ra6 45. Rb3 Rxc6 {...Rb6 is the strong threat.} 46. Rxb4 Kh7 47. Rf4 Rc7 48. Kf3 (48. g4 $11 {remains equal.}) 48... g5 $17 49. Rf6 Kg7 50. Ra6 {[#]} h5 $1 51. Rb6 f6 52. Rb8 Kg6 53. Rb6 Rc5 54. Rb8 Kf5 55. Rb4 Ke5 (55... Rc3+ $17 56. Ke2 Ra3) 56. Re4+ $1 $15 Kf5 (56... Kd6 $15) 57. Rb4 $1 $17 Rc3+ 58. Kg2 Rd3 59. Ra4 Rd8 60. Kf3 Rh8 61. Ra5+ {Cut Off at move 61} Kg6 62. Ra4 h4 ({Black should play} 62... Rb8 $17) 63. gxh4 $11 {The position is equal.} gxh4 64. Kg4 h3 65. Ra1 h2 66. Rh1 Rh5 (66... f5+ {feels hotter.} 67. Kg3 Kf7 68. Rxh2) 67. Kg3 Kf5 (67... f5 {is interesting.} 68. Rxh2) 68. Rxh2 Rxh2 69. Kxh2 {KP-KP} Ke4 70. Kg3 f5 71. f4 Ke3 72. Kg2 Kxf4 73. Kf2 Ke4 {( -> ...Kf4)} 74. Ke2 f4 75. Kf2 f3 (75... Kd3 $5) 76. Kf1 {Weighted Error Value: White=0.06/Black=0.05} 1/2-1/2

[Event "VII Sunway Sitges Open 2020"]
[Site "Sitges"]
[Date "2020.12.13"]
[Round "1.5"]
[White "Moussard, Jules"]
[Black "Odnorozhenko, Evgenyi"]
[Result "1-0"]
[WhiteElo "2626"]
[BlackElo "2170"]
[Annotator "TA"]
[PlyCount "59"]
[EventDate "2020.12.13"]
[EventType "swiss"]
[EventCountry "ESP"]
[SourceTitle "playchess.com"]
[Source "ChessBase"]
[SourceQuality "1"]

{[%evp 18,59,42,12,43,37,46,49,44,30,50,56,54,54,70,59,271,180,178,184,190,181,213,192,216,210,434,437,439,437,441,428,464,462,529,537,493,536,529,529,523,508,511,485]} 1. e4 e5 2. Nf3 Nc6 3. Bb5 a6 4. Ba4 d6 5. c3 Bd7 6. O-O Nge7 7. d4 Ng6 8. Be3 Be7 9. Nbd2 O-O 10. Re1 h6 {C75: Ruy Lopez: Deferred Steinitz: 5 c3 Bd7 6 d4 without ...g6.} 11. Nf1 {[#]} Nh4 $146 ({Predecessor:} 11... b5 12. Bc2 exd4 13. Nxd4 Nxd4 14. Bxd4 Re8 15. Ng3 Bf6 16. a4 Bxd4 17. cxd4 Qg5 {½-½ (46) Iljiushenok,I (2516)-Demchenko,A (2641) Cheliabinsk 2020}) 12. Nxh4 Bxh4 {White is slightly better.} 13. Qh5 Re8 14. Bb3 Rf8 15. Rad1 {[%cal Ba1d1,Bd1d3,Bd3g3][%mdl 32]} Bf6 16. dxe5 dxe5 $2 (16... Nxe5 $14 17. h3 Bb5) 17. Rd3 Qc8 {...Bg4 is the strong threat.} 18. h3 $1 Be6 {[#]} 19. Bxh6 $1 {[%mdl 512]} Bxb3 ({Not} 19... gxh6 $2 20. Qxh6 Bh4 21. Qxh4 $18) 20. axb3 Qe6 {[#]} ({Wrong is} 20... gxh6 $2 21. Qxh6 Ne7 22. Qxf6 $18) 21. Rg3 $1 a5 $2 (21... Rfd8 {was worth a try.} 22. Ne3 Rd3) 22. Ne3 $18 {Strongly threatening Nf5.White is clearly winning.} Ne7 {[#]} 23. Nd5 $1 {[%mdl 512]} Ng6 (23... Nxd5 24. exd5) 24. Nxc7 Qc6 25. Nxa8 gxh6 26. Rxg6+ fxg6 27. Qxg6+ Bg7 28. Qxc6 bxc6 29. Nb6 Rb8 30. Nc4 {White took control after the opening.  Weighted Error Value: White=0.06/Black=0.44} 1-0

[Event "VII Sunway Sitges Open 2020"]
[Site "Sitges"]
[Date "2020.12.13"]
[Round "1.6"]
[White "Eizaguerri Floris, Maria"]
[Black "Santos Latasa, Jaime"]
[Result "0-1"]
[WhiteElo "2167"]
[BlackElo "2600"]
[Annotator "TA"]
[PlyCount "76"]
[EventDate "2020.12.13"]
[EventType "swiss"]
[EventCountry "ESP"]
[SourceTitle "playchess.com"]
[Source "ChessBase"]
[SourceQuality "1"]

{[%evp 18,76,52,0,0,0,0,0,0,-22,0,-2,10,0,15,-50,-10,-43,-45,-43,-20,-30,-29,-33,0,0,0,0,0,0,0,0,0,0,37,-99,-100,-134,-130,-159,-146,-287,-290,-297,-293,-571,-571,-565,-557,-556,-553,-554,-552,-527,-437,-752,-733,-5273,-5245,-5189,-5181]} 1. e4 c5 2. Nf3 Nc6 3. d4 cxd4 4. Nxd4 Nf6 5. Nc3 d6 6. Bg5 e6 7. Qd2 a6 8. O-O-O Bd7 9. f4 Be7 10. Bxf6 ({White should play} 10. Nb3 $14) 10... Bxf6 $11 {B68: Sicilian: Richter-Rauzer: 7...a6 8 0-0-0 Bd7 9 f4 Be7 .} 11. Nf3 Be7 12. Kb1 b5 {[#] The position is equal.} 13. e5 $146 ({Predecessor:} 13. g4 Qc7 14. h4 O-O 15. g5 Rfd8 16. h5 Na5 17. g6 fxg6 18. hxg6 h6 19. f5 {1-0 (32) Visakh,N (2516)-David,A (2428) chess.com INT 2020}) 13... d5 14. f5 Qc7 15. Qe3 O-O-O 16. fxe6 (16. a4 $11) 16... Bxe6 $15 {Threatens to win with ...d4!} 17. Ne2 {[#]} d4 $1 {[%mdl 512]} 18. Nfxd4 (18. Nexd4 Nb4) 18... Qxe5 19. Qxe5 Nxe5 {[%cal Bc6e5,Be5g4,Bg4e3][%mdl 32]} 20. Nc3 Bd7 (20... Bg4 $5 {[%cal Rg4d1]} 21. Be2 Bxe2 22. Ncxe2 Rhe8 $11) 21. Be2 Rhe8 22. a4 {[%cal Ra4b5]} Ng4 {Strongly threatening ...Nf2.} 23. Rdf1 {[%cal Ra4b5]} Ne3 24. Rxf7 {[%cal Ra4b5]} Bf6 25. Nb3 {[%cal Ra4b5]} Re5 26. Bf3 (26. axb5 $14 {stays ahead.} axb5 27. Bf3) 26... bxa4 $17 27. Nc1 Nc4 28. Rd1 {[#]} Be6 $1 29. Ra7 {[#]} (29. Bb7+ $17 {was necessary.} Kb8 30. Rxd8+ Bxd8 31. Rf8 (31. Rxg7 $2 Bf6 $19) 31... Nd2+ 32. Ka1 Kxb7 33. Rxd8) 29... Rxd1 $1 $19 30. Bxd1 Re1 31. N1e2 $2 (31. Rxa6 Nd2+ 32. Ka1 Bxc3 33. Rxe6 Rxd1 34. Rc6+ Kb7 35. Rxc3) 31... Ne3 {[%mdl 64] Double Attack. Black is clearly winning.} 32. Kc1 Nxd1 33. Kd2 {[#]} Nxc3 $1 {[%mdl 512]} 34. Kxe1 (34. bxc3 Rxe2+) 34... Nxe2 35. Rxa6 Bd7 36. b3 (36. Rxf6 $142 gxf6 37. Kxe2) 36... Bb5 37. Rb6 a3 {[%cal Ba4a3,Ba3a2][%mdl 32]} 38. Rxb5 a2 {Weighted Error Value: White=0.67/Black=0.08} 0-1

[Event "VII Sunway Sitges Open 2020"]
[Site "Sitges"]
[Date "2020.12.13"]
[Round "1.7"]
[White "Santos Ruiz, Miguel"]
[Black "Aguado Doncel, Pablo Luis"]
[Result "1-0"]
[WhiteElo "2581"]
[BlackElo "2158"]
[Annotator "TA"]
[PlyCount "53"]
[EventDate "2020.12.13"]
[EventType "swiss"]
[EventCountry "ESP"]
[SourceTitle "playchess.com"]
[Source "ChessBase"]
[SourceQuality "1"]

{[%evp 13,53,22,16,17,25,22,59,54,55,63,140,129,129,134,541,555,550,546,489,395,365,-43,-62,-239,-248,-291,-301,-341,-355,-355,-356,-344,-350,-343,-333,-312,-275,-200,0,0,398,382]} 1. d4 d5 2. c4 e6 3. Nc3 Nf6 4. cxd5 exd5 5. Bg5 c6 6. e3 Bd6 7. Bd3 O-O 8. Nf3 {D35: Queen's Gambit Declined: Exchange Variation.} Be6 {[#]} 9. Ne5 $146 ({Predecessor:} 9. O-O Nbd7 10. Re1 Qb6 11. Rb1 Rae8 12. Qc2 Bg4 13. Be2 Bh5 14. h3 h6 15. Bxf6 Nxf6 16. Rbc1 Bg6 17. Qd2 Ne4 {0-1 (42) Cordero Alamo,R (1416)-Evora Brondo,J (1941) Tenerife 2016}) 9... Nbd7 10. f4 $1 {White is slightly better.} Nb6 11. O-O c5 (11... Be7 $14) 12. Qe1 $16 h6 13. Qh4 {[#] aiming for Bxh6!} Bxe5 $2 {[%mdl 8192]} (13... hxg5 $2 14. fxg5 c4 15. gxf6 $18) (13... c4 $16 {is tougher.}) 14. dxe5 $18 hxg5 15. fxg5 Ne4 16. Bxe4 dxe4 17. Nxe4 $2 (17. Rad1 $18) 17... Qd3 $15 {Hoping for ...Nc4.} 18. Rae1 $2 ({Only move:} 18. Rf3 $1 $15 Nd7 19. Rg3) 18... Nd7 $19 ({Don't go for} 18... Bxa2 $2 19. g6 $18) 19. g6 fxg6 {And now ...Rxf1+ would win.} 20. Ng5 {[%csl Gg5][%cal Rh4h7]} Rxf1+ {[%mdl 64] [#] Overworked Piece} 21. Rxf1 {[%csl Gg5][%cal Rh4h7]} Qxe3+ {[%mdl 64] Double Attack} 22. Kh1 {[%csl Gg5][%cal Rh4h7]} Nf8 23. Rxf8+ Kxf8 24. Nxe6+ Kg8 {( -> ...Qc1+)} 25. h3 Re8 $2 ({Much less strong is} 25... Qxe5 26. Ng5 $17) (25... Qc1+ $19 26. Kh2 Qxb2 {[%mdl 64] Double Attack}) 26. Ng5 $11 Qxe5 $2 {[%mdl 8192]} (26... Kf8 $11 {and Black is okay.} 27. Qh8+ Ke7 28. Qxg7+ {[%mdl 64] Double Attack} Kd8) 27. Qc4+ {What a bad dream for Black.  Weighted Error Value: White=0.72/Black=0.91} 1-0

[Event "VII Sunway Sitges Open 2020"]
[Site "Sitges"]
[Date "2020.12.13"]
[Round "1.8"]
[White "Mitran, Anthony Cristian"]
[Black "Dragnev, Valentin"]
[Result "1/2-1/2"]
[WhiteElo "2157"]
[BlackElo "2564"]
[Annotator "TA"]
[PlyCount "61"]
[EventDate "2020.12.13"]
[EventType "swiss"]
[EventCountry "ESP"]
[SourceTitle "playchess.com"]
[Source "ChessBase"]
[SourceQuality "1"]

{[%evp 15,61,-9,-1,-19,-14,-14,9,-10,8,0,11,10,8,0,1,14,19,18,22,17,20,10,13,12,12,10,16,6,7,0,0,0,0,0,0,0,0,0,0,0,0,0,0,0,0,0,0,0]} 1. d4 Nf6 2. Bf4 d5 3. e3 e6 4. Nf3 Bd6 5. Bg3 O-O 6. Bd3 c5 7. c3 Qc7 $1 {[%mdl 4] is now more promising than 7...Nc6.} 8. Nbd2 Nbd7 {The position is equal.} 9. O-O {D02: 1 d4 d5 2 Nf3 sidelines, including 2...Nf6 3 g3 and 2...Nf6 3 Bf4.} Bxg3 10. hxg3 e5 {[#] ...e4 is the strong threat.} 11. e4 dxe4 12. Nxe4 Nxe4 13. Bxe4 Nf6 14. Qc2 exd4 15. cxd4 {[#]} Qa5 $146 ({Predecessor:} 15... Nxe4 16. Qxe4 cxd4 17. Ng5 g6 18. Qxd4 Bf5 19. Rac1 Qe7 20. Qh4 h5 21. Nf3 Qxh4 22. gxh4 {0-1 (44) Audi,A (2378)-Maly,A (2371) chess.com INT 2020}) 16. dxc5 Nxe4 17. Qxe4 {Black must now prevent Ng5.} Qxc5 18. Rac1 Qb5 19. b3 Bf5 20. Qf4 {[#] Hoping for Nd4.} Bg6 21. Ne5 Rac8 22. Nxg6 hxg6 23. Rxc8 Rxc8 $11 {[%mdl 4096] Endgame KQR-KQR} 24. Rc1 Re8 25. Qg4 Qe5 26. Rc8 b5 27. Qd7 Rxc8 28. Qxc8+ Kh7 29. Qh3+ Kg8 30. Qc8+ Kh7 31. Qh3+ {A rather calm draw.  Weighted Error Value: White=0.03/Black=0.03} 1/2-1/2

[Event "VII Sunway Sitges Open 2020"]
[Site "Sitges"]
[Date "2020.12.13"]
[Round "1.9"]
[White "Cornette, Matthieu"]
[Black "Hapala, Elisabeth"]
[Result "1-0"]
[WhiteElo "2558"]
[BlackElo "2154"]
[Annotator "TA"]
[PlyCount "69"]
[EventDate "2020.12.13"]
[EventType "swiss"]
[EventCountry "ESP"]
[SourceTitle "playchess.com"]
[Source "ChessBase"]
[SourceQuality "1"]

{[%evp 14,69,41,43,33,19,32,31,39,36,34,31,26,26,20,35,66,42,95,64,71,68,97,100,119,110,123,104,171,174,167,147,151,127,139,138,148,125,114,104,107,107,146,109,122,122,591,645,701,243,225,229,688,625,806,787,747,674]} 1. e4 c5 2. Nf3 e6 3. d4 cxd4 4. Nxd4 a6 5. c4 Nf6 6. Nc3 Qc7 7. Be2 Bb4 8. O-O O-O {B41: Sicilian: Kan Variation: 5 c4.} 9. Qd3 d6 10. Bd2 Nbd7 {White is slightly better.} 11. Nb3 b6 {[#]} 12. a3 $146 ({Predecessor:} 12. Rac1 Bb7 13. f3 Rac8 14. Nb5 Ne5 15. Qd4 Nc6 16. Qf2 Qb8 17. Nc3 Nd7 18. Rfd1 {0-1 (39) Wieczorek,O (2463)-Markowski,T (2558) Bialystok 2017}) 12... Bxc3 13. Bxc3 Bb7 14. f3 Ne5 15. Qd4 Rac8 (15... a5 $14) 16. Rac1 Rfd8 17. Qe3 Ned7 18. Nd4 Qb8 19. Rfd1 Ne5 20. Be1 Nc6 (20... Re8 $16) 21. Bh4 $18 Qc7 22. b4 Nxd4 23. Qxd4 e5 24. Qe3 a5 25. Bxf6 gxf6 26. f4 axb4 27. axb4 Ra8 28. Bg4 Bc8 29. Bh5 Ra4 $2 {[%mdl 8192] [#] Loses the game.} (29... exf4 $16 {is a better chance.} 30. Qxf4 Qe7) 30. fxe5 dxe5 31. Rxd8+ $2 (31. Qh6 Rxd1+ 32. Rxd1) 31... Qxd8 32. Rd1 Qc7 $2 (32... Qe7 33. Qxb6 Bb7) 33. Qh6 {Threatening mate with Bxf7+!White is clearly winning.} Qe7 {[#]} 34. Bxf7+ $1 {[%mdl 512]} Kh8 (34... Qxf7 35. Rd8+) 35. Bg6 {Weighted Error Value: White=0.19/Black=0.61} 1-0

[Event "VII Sunway Sitges Open 2020"]
[Site "Sitges"]
[Date "2020.12.13"]
[Round "1.10"]
[White "Le Pen, Steven"]
[Black "Maze, Sebastien"]
[Result "0-1"]
[WhiteElo "2141"]
[BlackElo "2557"]
[Annotator "TA"]
[PlyCount "96"]
[EventDate "2020.12.13"]
[EventType "swiss"]
[EventCountry "ESP"]
[SourceTitle "playchess.com"]
[Source "ChessBase"]
[SourceQuality "1"]

{[%evp 9,96,9,13,7,33,20,23,17,18,6,18,-4,-2,0,0,-28,-6,0,-4,-6,-6,-31,-31,-55,-55,-54,-54,-57,-60,-51,-52,-51,-39,-42,-42,-89,-33,-30,-31,-28,-32,-40,-37,-29,-31,-74,0,0,0,-36,-19,-74,-74,-74,-74,-74,-74,-74,-74,-74,-74,-74,0,-74,-74,-74,-74,-89,-74,-95,-95,-95,-95,-108,-119,-217,-228,-281,-266,-219,-217,-484,-467,-665,-657,-597,-564,-492,-433]} 1. e4 c6 2. d4 d5 3. e5 Bf5 4. h4 h5 5. Bd3 Bxd3 6. Qxd3 {B12: Caro-Kann: Advance Variation.} Qa5+ 7. Nd2 e6 8. Ngf3 {White has an edge.} Nh6 9. O-O Nf5 10. c4 Qa6 11. b3 Be7 12. g3 Nd7 13. Bb2 O-O 14. Rfd1 {[#]} Rfd8 $146 ({Predecessor:} 14... Rac8 15. Qf1 g6 16. a4 b6 17. a5 Qb7 18. Qe2 Rfd8 19. a6 Qa8 20. Nf1 Nf8 {1-0 (40) Chen,Q (2359)-Thipsay,B (2000) Hanoi 2018}) 15. Nf1 (15. Qc2 {is interesting.} g6 16. c5 b6 17. b4 Qb7 18. Bc3) 15... dxc4 16. Qxc4 Qxc4 17. bxc4 Nb6 18. Rac1 c5 19. Ne3 Nxd4 20. Nxd4 cxd4 21. Bxd4 Na4 22. c5 Rdc8 (22... Rac8 $17) 23. Nc4 $15 {White wants to play Nd6.} Bxc5 24. Nd6 Bxd6 25. exd6 {[#] Black must now prevent d7.} Rxc1 26. Rxc1 $11 {[%mdl 4096] Endgame Threatens to win with d7. KRB-KRN} Rd8 27. Rc4 b5 ({Black should play} 27... Nb6 $17 28. Bxb6 axb6) 28. Rc6 Rd7 29. Ra6 (29. Kg2 {is more complex.} f6 30. f4 Kf8 31. Ra6 Ke8 32. Kf3) 29... Nb6 30. Bxb6 (30. Bc5 $1 $11) 30... Rxd6 $17 31. Rxa7 {Bc5 is the strong threat.} Rxb6 $11 {KR-KR} 32. Kg2 b4 33. Kf3 g6 34. Ke3 Kg7 35. Kd4 Rb5 ({Black should try} 35... b3 $17 {aiming for ...b2.} 36. axb3 Rxb3) 36. Ke3 (36. Kc4 $11 Rb8 37. Ra4) 36... Kf6 $17 37. Kf3 Rb6 38. Ke3 e5 39. Kf3 Ke6 40. Ke3 f6 41. Ra5 Kf5 42. f3 {[#]} (42. Kf3 $17) 42... Rc6 $1 $19 43. Rb5 Rc3+ 44. Kf2 Rc2+ 45. Kf1 $2 (45. Ke3 {was the only chance.}) 45... Rb2 {Black is clearly winning.} 46. Kg1 (46. f4 $142) 46... g5 47. hxg5 fxg5 48. Rb8 h4 {Weighted Error Value: White=0.28/Black=0.06} 0-1